| 000 | 00447nam a2200157 4500 | ||
|---|---|---|---|
| 999 |
_c3030 _d3030 |
||
| 008 | 200319b ||||| |||| 00| 0 eng d | ||
| 082 | 0 | 0 |
_a623.87236 _bS238 |
| 100 |
_92624 _aSanyal, D. K. |
||
| 245 | 1 | 0 |
_aPrinciples and practice of marine diesel engines / _cby D. K. Sanyal |
| 250 | _a2nd ed. | ||
| 260 |
_aBombay _bBhandarkar Publication _c1981 |
||
| 300 | _a483 p. | ||
| 365 |
_aRs. _d90.00 |
||
| 650 | 0 | _aMarine Diesel Motors | |
| 942 |
_2ddc _cBK |
||